000 00968cam a2200145 4500500
005 20251214002752.0
041 _afre
042 _adc
100 1 0 _aBaraquin, Noëlla
_eauthor
700 1 0 _aLaffitte, Jacqueline
_eauthor
245 0 0 _aDictionnaire des philosophes
260 _bArmand Colin,
_c2025.
520 _aDe l’Antiquité à nos jours, les philosophes les plus importants dans l’histoire de la philosophie occidentale, leur vie, leur pensée, la portée de leur doctrine.· Les œuvres principales de chacun d’entre eux, classées chronologiquement, avec les éditions de référence.· Les études, les critiques et, éventuellement, les satires publiées sur chacun d’entre eux (éditeurs, années et pages), classés par ordre alphabétique.· Les concepts clés et corrélats particuliers à chaque philosophe.
856 4 1 _uhttps://shs.cairn.info/dictionnaire-des-philosophes-4e-ed--9782200641207?lang=fr&redirect-ssocas=7080
999 _c1567393
_d1567393